000 00860nam a22002777a 4500
001 00926
003 DO-SdBNP
005 20240124092152.0
007 00926
008 160727b1990 sp |00| 0 spa d
020 _a9788486168575
040 _aBPMSU
_bspa
_cBPMSU
082 4 _a028.5
_bS757n 1990
_222
100 1 _aSpink, John
245 1 0 _aNiños lectores :
_bun estudio /
_cJohn Spink ; traducción David Torra Ferrer
260 _aSalamanca, Madrid :
_bFundación Germán Sánchez Ruipérez,
_c1990.
300 _a168 p. ;
_c21 cm.
490 0 _aBiblioteca del libro
590 _aInventariado, 2024/VM
650 4 _a Libros y lectura para niños
_2
650 4 _aPromoción de la lectura
700 1 _aTorra Ferrer, David,
_etr.
710 2 _aFundación Germán Sánchez Ruipérez
910 _aVMateo V. Control de calidad. BPMSU
942 _2ddc
_cBK
999 _c11046
_d11046